Mata - dokończ tekst piosenek płyta Młody Matczak - Statystyki

Ogólne statystyki
  • Ten quiz został rozwiązany 2 082 razy
  • Średni wynik to 7 z 16
Statystyki odpowiedzi
Tekst Odpowiedź % Poprawnych
Dzwoni Papuga Mówi że musi się udać (Papuga ft.Quebonafide,Malik Montana)
91%
Marihuana Cała polska jest w niej zakochana (Skute Bobo)
75%
Chciałbym uciec z miasta do Trójmiasta Zjarać chwasta (La la la (oh oh) ft.White 2115)
74%
Wpadaj na Stawki mała Weź zabawki jeśli byś chciała (Faka)
58%
I chyba musze się zaszyć gdzieś z Tobą Jadę na Bemowo (Szafir)
51%
Gdzie oni są? Było nas sporo Nie ma ich (Nasza klasa ale to DRILL ft.Popek)
41%
Nie lubię zakładać gumek lecz muszę Jedna myślała że MAT jest Mateuszem (Szmata)
40%
A ja chciałbym Cię mieć, ale wstydzę się zagadać Może usłyszysz w Uberze to albo w Tarasach (Kiss cam)
40%
Mogę w tym mieście zrobić co zechcę Schodki mojego imienia i chuj (Kurtz ft.Taco Hemingway)
35%
Wiem że już trzęsie się blok Ale mam nowy rok codzień, noc w noc (Blok ft.GOMBAO 33)
33%
Bo mój fiut ma 15, 2 cm kurwo, łap update'a (15,2 Freestyle)
33%
Moi ludzie żyją szybko śpiewają na całe gardło No a ziemia tak zwolniła jakby zajebała wiadro(2001)
33%
Stanąć po środku salonu i zjarać dwaduże gibony Wziąć chłopaków na domówkę (Ikea)
27%
Pierdolę Moët, ponieważ wolę Dorato Wznieśmy toast za to, żeby pierwszy milion nic nie zmienił w nas (Młody bachor ft.GOMBAO 33)
27%
Ktoś wygrał pralkę szwajcarski zegarek Dziecko wtula się w mamę (67-410)
22%
Dzwonią telefony moim ziomalom Chcą wiedzieć wszystko o pato wszystko o Macie (Patoreakcja)
13%
Nie znaleziono quizów pasujących do podanych kryteriów
Rozkład punktacji
Procent ludzi z każdym wynikiem
Percentyl według liczby udzielonych odpowiedzi
Twoja historia wyników
Nie rozwiązałeś tego quizu